• 首页
  • 本馆介绍
  • 公告通知
  • 最新文献
  • 馆藏检索
  • 电子资源
  • 读者导购
  • 参考咨询
  • 我的图书馆
  • 登录
  • 详细信息显示
  • 放入我的书架
  • 预约/预借图书
  • 作者相关作品
  • 分类相关作品
  • 丛书相关作品
  • 出版社相关作品

书目信息

  • 表格格式
  • 工作单格式
  • 卡片格式
题名:
图说中国文化
    
 
作者: 贺晓兴 主编 ;任雪芳 撰写
分册:  
出版信息: 北京   中国对外翻译出版公司  2009.08
页数: 191页
开本: 29cm
丛书名:
单 册:
中图分类: H369.4:K203 , H369.4:K , H369.4
科图分类:
主题词: 日语--汉语--对照读物 , 文化史--中国--图集 , 日语 , 汉语 , 文化史
电子资源:
ISBN: 978-7-5001-2349-1
000 01008nam0 22003131 450
001 004280740
005 20100713044518.0
010    @a978-7-5001-2349-1@dCNY98.00
100    @a20090929d2009 em y0chiy50 ea
101 0  @achi@ajpn
102    @aCN@b110000
105    @aa z 000yy
200 1  @a图说中国文化@9tu shuo zhong guo wen hua@e汉日双语@f贺晓兴主编@g任雪芳[等]撰写
210    @a北京@c中国对外翻译出版公司@d2009.08
215    @a191页@d29cm
330    @a本书以图解的形式,由浅入深的介绍了中国文化。全书共分21个部分,涉及传统节日的民俗风情、风味各异的饮食、中国武术、中华医药、中国服饰、中国民居等方面。
606 0  @a日语@x汉语@j对照读物
606 0  @a文化史@y中国@j图集
606 0  @a日语
606 0  @a汉语
606 0  @a文化史
690    @aH369.4:K203@v5
690    @aH369.4:K@v5
690    @aH369.4@v4
701  0 @a贺晓兴@9he xiao xing@4主编
702  0 @a任雪芳@9ren xue fang@c(女)@4撰写
801  0 @aCN@b91MARC@c20101222
905    @aBZT@dH369.4@e1
906    @dCNY98.00@n0@r1
    
    图说中国文化:汉日双语/贺晓兴主编/任雪芳[等]撰写.-北京:中国对外翻译出版公司,2009.08
    191页;29cm
    
    
    ISBN 978-7-5001-2349-1:CNY98.00
    本书以图解的形式,由浅入深的介绍了中国文化。全书共分21个部分,涉及传统节日的民俗风情、风味各异的饮食、中国武术、中华医药、中国服饰、中国民居等方面。
●
相关链接 在五车中查询图书 在当当中查询图书 在豆瓣中查询图书


正题名:图说中国文化     索取号:H369.4/1         预约/预借

序号 登录号 条形码 馆藏地/架位号 状态 备注
1 754901   2000754901   样本书库/样001架B面2层1列/ [索取号:H369.4/1] 在馆    
2 754902   2000754902   中心书库中库/ 中库034架A面8列1层11/ [索取号:H369.4/1] 在馆    
3 754903   2000754903   中心书库中库/ 中库034架A面8列1层13/ [索取号:H369.4/1] 在馆    
4 754904   2000754904   中心书库中库/ 中库034架A面8列1层12/ [索取号:H369.4/1] 在馆    
5 754905   2000754905   中心书库中库/ 中库034架A面8列1层14/ [索取号:H369.4/1] 在馆    
6 754906   2000754906   中心书库中库/ 中库034架B面6列4层1/ [索取号:H369.4/1] 在馆    
山东省滨州职业学院图书馆 欢迎您!
大连网信软件有限公司© 版权所有